| 000 | 00487nam a22001577a 4500 | ||
|---|---|---|---|
| 999 |
_c9230 _d9230 |
||
| 008 | 210330b ||||| |||| 00| 0 eng d | ||
| 040 | _aBMS College of Architecture | ||
| 100 | _aSudarvizhi, H | ||
| 245 | _aArt musem at R M V extension Bangalooru urban | ||
| 300 | _a60p. | ||
| 500 | _a1BM02AT031 | ||
| 502 |
_8B.Arch _NBMS College of Architecture, Visvesvaraya Technological University _aProject report _d2006 |
||
| 650 | _aUrban | ||
| 700 |
_aRajan Sridhar _eGuide |
||
| 942 |
_2ddc _cTHE |
||